000 00483nam a2200217 454500
001 081221
003 BD-ChCU
008 Eng
020 _ax
040 _aDLC
_cDLC
_dBD-ChCU
082 0 0 _a658.403/MIG
100 1 _aMirkin,Boris G.
_bx
245 1 0 _aGroup choic
_bx
250 _ax
260 _aWashington,
_bWinston,
_c1979
300 _axxx,252p.
504 _a
650 0 _aDecision Making.
_bDecision Making.
700 1 _aFishburn,Peter C.
942 _2ddc
_cBK
999 _c81221
_d81221